00585nam a22001697a 450000500170000001000150001702000110003203500140004303700130005708200170007010000160008724500830010326000570018627000820024330000200032550000700034520180920163107.0 aENG-124016 c120.00 aEN-107548 bDBAD/PUB a305.80095455 aPahru, Z.K. aViable education for the tribals:cby Z.K. Pahru,ba poumai naga perspective / aGuwahatic2010bNorth Eastern Social Research Centre bGuwahatiaJagriti 2nd Floor, Arunadai Path, GMC Road, Christian Bastie781005 a174p.c21(pbk.) aIt includes references, endnotes, glosssary publications of NESRC